Statystyki dla Podaj przykład owocu, którego skórki nie jemy?

Kliknij tutaj aby rozwiązać quiz!

Ogólne statystyki

  • Ten quiz został rozwiązany 122 razy
  • Średni wynik to 4 z 7

Statystyki odpowiedzi

Odpowiedź% Poprawnych
pomarańcza
83%
kiwi
79%
mandarynka
74%
arbuz
70%
ananas
60%
melon
43%
banana
36%

Rozkład punktacji

Percentyl według liczby udzielonych odpowiedzi

Procent ludzi z każdym wynikiem

Twoja historia wyników

Nie rozwiązałeś tego quizu